The Institutions of the European Union / (Record no. 12455)
[ view plain ]
| 000 -LEADER | |
|---|---|
| fixed length control field | 02683cam a2200385 a 4500 |
| 001 - CONTROL NUMBER | |
| control field | 12731392 |
| 005 - DATE AND TIME OF LATEST TRANSACTION | |
| control field | 20070514131651.0 |
| 008 - FIXED-LENGTH DATA ELEMENTS--GENERAL INFORMATION | |
| fixed length control field | 020405s2002 enka b 001 0 eng |
| 010 ## - LIBRARY OF CONGRESS CONTROL NUMBER | |
| LC control number | 2002277884 |
| 015 ## - NATIONAL BIBLIOGRAPHY NUMBER | |
| National bibliography number | GBA1-V3646 |
| 020 ## - INTERNATIONAL STANDARD BOOK NUMBER | |
| International Standard Book Number | 0198700520 |
| 035 ## - SYSTEM CONTROL NUMBER | |
| System control number | (OCoLC)ocm48065445 |
| 040 ## - CATALOGING SOURCE | |
| Original cataloging agency | UKM |
| Transcribing agency | UKM |
| Modifying agency | J2H |
| -- | DLC |
| 042 ## - AUTHENTICATION CODE | |
| Authentication code | lccopycat |
| 043 ## - GEOGRAPHIC AREA CODE | |
| Geographic area code | e------ |
| 050 00 - LIBRARY OF CONGRESS CALL NUMBER | |
| Classification number | JN30 |
| Item number | .I578 2002 |
| 082 00 - DEWEY DECIMAL CLASSIFICATION NUMBER | |
| Classification number | 341.2422 |
| Edition number | 21 |
| Item number | INS |
| 245 04 - TITLE STATEMENT | |
| Title | The Institutions of the European Union / |
| Statement of responsibility, etc | Edited by John Peterson and Michael Shackleton. |
| 260 ## - PUBLICATION, DISTRIBUTION, ETC. (IMPRINT) | |
| Place of publication, distribution, etc | Oxford : |
| Name of publisher, distributor, etc | Oxford University Press, |
| Date of publication, distribution, etc | c2002. |
| 300 ## - PHYSICAL DESCRIPTION | |
| Extent | xxiii, 402 p. : |
| Other physical details | ill. ; |
| Dimensions | 25 cm. |
| 490 #4 - Series Statement | |
| Series statement | The new European Union series ; |
| 504 ## - BIBLIOGRAPHY, ETC. NOTE | |
| Bibliography, etc | Includes bibliographical references and index. |
| 505 0# - FORMATTED CONTENTS NOTE | |
| Formatted contents note | The EU's institutions : an overview / John Peterson and Michael Shackleton -- The European Council / Philippe de Schoutheete -- The Council of Ministers / Fiona Hayes-Renshaw -- The College of Commissioners / John Peterson -- The European Parliament / Michael Shackleton -- The European Court of Justice / Kieran St Clair Bradley -- The Commission's services / Neill Nugent -- Managing the euro : the European Central Bank / Kathleen R. McNamara -- Institutionalizing freedom, security and justice / J�org Monar -- Making the CFSP work / Knud Erik J�rgensen -- Financial control : the Court of Auditors and OLAF / Brigid Laffan -- Political interests : the EP's party groups / Tapio Raunio -- National interests : Coreoper / Jeffrey Lewis -- Functional interests : European agencies / Giandomenico Majone -- Social and regional interests : ECOSOC and the Committee of the Regions / Charlie Jeffery -- Conclusion / John Peterson and Michael Shackleton. |
| 610 20 - SUBJECT ADDED ENTRY--CORPORATE NAME | |
| Corporate name or jurisdiction name as entry element | European Union. |
| 9 (RLIN) | 8218 |
| 650 #0 - SUBJECT ADDED ENTRY--TOPICAL TERM | |
| Topical term or geographic name as entry element | European Union countries |
| 9 (RLIN) | 8219 |
| 651 #0 - SUBJECT ADDED ENTRY--GEOGRAPHIC NAME | |
| Geographic name | European Union countries |
| General subdivision | Politics and government. |
| 9 (RLIN) | 8220 |
| 700 1# - ADDED ENTRY--PERSONAL NAME | |
| Personal name | Peterson, John, |
| Dates associated with a name | 1958- |
| 9 (RLIN) | 8221 |
| 700 1# - ADDED ENTRY--PERSONAL NAME | |
| Personal name | Shackleton, Michael, |
| Dates associated with a name | 1949- |
| 9 (RLIN) | 8222 |
| 856 42 - ELECTRONIC LOCATION AND ACCESS | |
| Materials specified | Publisher description |
| Uniform Resource Identifier | <a href="http://www.loc.gov/catdir/enhancements/fy0613/2002277884-d.html">http://www.loc.gov/catdir/enhancements/fy0613/2002277884-d.html</a> |
| 856 41 - ELECTRONIC LOCATION AND ACCESS | |
| Materials specified | Table of contents only |
| Uniform Resource Identifier | <a href="http://www.loc.gov/catdir/enhancements/fy0613/2002277884-t.html">http://www.loc.gov/catdir/enhancements/fy0613/2002277884-t.html</a> |
| 856 42 - ELECTRONIC LOCATION AND ACCESS | |
| Materials specified | Contributor biographical information |
| Uniform Resource Identifier | <a href="http://www.loc.gov/catdir/enhancements/fy0723/2002277884-b.html">http://www.loc.gov/catdir/enhancements/fy0723/2002277884-b.html</a> |
| 942 ## - ADDED ENTRY ELEMENTS (KOHA) | |
| Source of classification or shelving scheme | Dewey Decimal Classification |
| Item type | Book - Borrowing |
| Withdrawn status | Item status | Source of classification or shelving scheme | Damaged status | Not for loan | Vendor | Home library | Current library | Shelving location | Date acquired | Source of acquisition | Total Checkouts | Total Renewals | Full call number | Barcode | Date last seen | Date last borrowed | Koha item type | Public note |
|---|---|---|---|---|---|---|---|---|---|---|---|---|---|---|---|---|---|---|
| Dewey Decimal Classification | Donation-Gift | Central Library | Central Library | First floor | 28/07/2009 | Donation | 16 | 25 | 341.2422 INS | 000017722 | 26/11/2025 | 22/11/2025 | Book - Borrowing | Donations - Dr. Bassem Ahmed Hassan |